|
|
|
|
| LEADER |
01960nam a22004574a 4500 |
| 001 |
32775 |
| 003 |
BD-DhAAL |
| 005 |
20180320143248.0 |
| 008 |
180320t2009 bg ab b 001 0 eng |
| 999 |
|
|
|c 39160
|d 39160
|
| 010 |
|
|
|a 2009305943
|
| 020 |
|
|
|a 9789843303431
|
| 020 |
|
|
|a 9843303431
|
| 025 |
|
|
|a B-E-2009-305943; 06
|
| 035 |
|
|
|a (OCoLC)496283295
|
| 037 |
|
|
|b Library of Congress -- New Delhi Overseas Office
|c TK5000.00
|
| 040 |
|
|
|a DLC
|c DLC
|d DKAGE
|d MYG
|d BD-DhAAL
|
| 042 |
|
|
|a lcode
|
| 043 |
|
|
|a a-bg---
|
| 049 |
|
|
|a MYGG
|
| 050 |
0 |
0 |
|a DS396.9.D3 H35 2009
|
| 082 |
0 |
4 |
|a 954.922
|2 22
|
| 100 |
1 |
|
|a Haque, Enamul,
|d 1936-
|9 25185
|
| 245 |
1 |
0 |
|a Dhaka alias Jahangirnagar, 400 years /
|c Enamul Haque.
|
| 246 |
3 |
|
|a Dhaka alias Jahangirnagar, four hundred years
|
| 260 |
|
|
|a Dhaka :
|b International Centre for Study of Bengal Art,
|c 2009.
|
| 300 |
|
|
|a 399 pages :
|b chiefly color illustrations, maps ;
|c 30 cm.
|
| 490 |
1 |
|
|a Studies in Bengal art series ;
|v no. 9
|
| 500 |
|
|
|a "With 570 illustrations."
|
| 500 |
|
|
|a "The book has been published with financial support from the Standard Chartered Bank of Bangladesh"--T.p. verso.
|
| 504 |
|
|
|a Includes bibliographical references (pages [389]-393) and index.
|
| 526 |
|
|
|a AAL
|
| 541 |
|
|
|a Complimentary copy from the International Centre for Study of Bengal Art.
|e 32775
|
| 651 |
|
0 |
|a Dhaka (Bangladesh)
|x History.
|9 25186
|
| 651 |
|
0 |
|a Dhaka (Bangladesh)
|x History
|v Pictorial works.
|9 25187
|
| 710 |
2 |
|
|a International Centre for Study of Bengal Art.
|9 25188
|
| 830 |
|
0 |
|a Studies in Bengal art series ;
|v no. 9.
|9 25189
|
| 852 |
|
|
|a Ayesha Abed Library
|c General Stacks
|
| 876 |
|
1 |
|l MIT01
|h DS396.9.D3 H35 2009
|8 20100218
|
| 942 |
|
|
|2 ddc
|c BK
|
| 952 |
|
|
|0 0
|1 0
|2 ddc
|4 0
|6 954_922000000000000_HAQ
|7 0
|9 62981
|a BRACUL
|b BRACUL
|c GEN
|d 2018-03-20
|e Complimentary copy from the International Centre for Study of Bengal Art.
|l 1
|o 954.922 HAQ
|p 3010032775
|r 2024-02-25
|s 2024-02-20
|t 1
|w 2018-03-20
|y BK
|